[Event "Las Americas Team op U2400 Hybrid"]
[Site "Internet"]
[Date "2022.05.14"]
[Round "3.4"]
[White "Cajamarca Gordillo, Sebastian Alejandro"]
[Black "Pisani Salazar, Ever Arturo"]
[Result "0-1"]
[WhiteElo "1392"]
[BlackElo "1904"]
[PlyCount "50"]
[EventDate "2022.05.14"]
[EventType "team-swiss"]
[EventRounds "5"]
[EventCountry "VEN"]
[SourceTitle "EXT 2023"]
[Source "ChessBase"]
[SourceDate "2022.10.05"]
[SourceVersion "1"]
[SourceVersionDate "2022.10.05"]
[SourceQuality "1"]

1. d4 d5 2. c4 e6 3. Nc3 Nf6 4. cxd5 exd5 5. Nf3 Ne4 6. e3 Bb4 7. Qc2 0-0 8. Bd3 Re8 9. 0-0 Nf6 10. a3 Bf8 11. b3 Nbd7 12. Bb2 b6 13. Nb5 c5 14. dxc5 bxc5 15. Rac1 Bb7 16. Nd2 a6 17. Nc3 Ne5 18. Rfd1 d4 19. exd4 cxd4 20. Ne2 Rc8 21. Qb1 Rxc1 22. Rxc1 Qd5 23. Nf4 Qd6 24. Ne2 Neg4 25. g3 Nxh2 0-1

[Event "Las Americas Team op U2400 Hybrid"]
[Site "Internet"]
[Date "2022.05.14"]
[Round "2.3"]
[White "Pisani Salazar, Ever Arturo"]
[Black "Mendoza De la Cruz, Israel Migue"]
[Result "1/2-1/2"]
[WhiteElo "1904"]
[BlackElo "1535"]
[PlyCount "159"]
[EventDate "2022.05.14"]
[EventType "team-swiss"]
[EventRounds "5"]
[EventCountry "VEN"]
[SourceTitle "EXT 2023"]
[Source "ChessBase"]
[SourceDate "2022.10.05"]
[SourceVersion "1"]
[SourceVersionDate "2022.10.05"]
[SourceQuality "1"]

1. Nf3 d5 2. d4 Nf6 3. Bf4 c5 4. e3 Nc6 5. c3 Qb6 6. b3 Bg4 7. Bd3 e6 8. 0-0 cxd4 9. cxd4 Be7 10. Nbd2 0-0 11. h3 Bxf3 12. Nxf3 Rfc8 13. Ne5 Nb4 14. Bb1 a5 15. a3 Na6 16. Qd3 Ne4 17. f3 Rc3 18. Qe2 Nf6 19. Bc2 Rac8 20. Rfc1 Bd6 21. Qd2 Qc7 22. Ra2 b5 23. Nd3 Bxf4 24. exf4 b4 25. a4 Qb6 26. Ne1 Nb8 27. Rd1 Nc6 28. Kh2 Qc7 29. Rb2 Ne7 30. Bb1 Qd6 31. Nd3 Nd7 32. Ne5 f6 33. Nxd7 Qxd7 34. Qe2 Ng6 35. Bxg6 hxg6 36. Rd3 Kf7 37. Rxc3 Rxc3 38. Qa6 Qc7 39. Re2 Rc6 40. Qb5 Qxf4+ 41. Kg1 Qxd4+ 42. Kh2 Qc5 43. Qb7+ Rc7 44. Qa6 e5 45. h4 Ra7 46. Qd3 Rc7 47. h5 Rc8 48. Qxg6+ Kg8 49. h6 Qf8 50. Rd2 d4 51. f4 Rc7 52. Rf2 Qf7 53. Qxf7+ Rxf7 54. fxe5 gxh6 55. exf6 d3 56. Kg3 Rd7 57. Rd2 Kf7 58. Kf4 Kxf6 59. Ke3 Ke5 60. g3 Rg7 61. Kxd3 Rxg3+ 62. Kc4 Rc3+ 63. Kb5 Rxb3 64. Rh2 Rf3 65. Rxh6 Kd4 66. Kxa5 Kc3 67. Rb6 Rf5+ 68. Ka6 b3 69. a5 b2 70. Rb7 Kc2 71. Rc7+ Kb1 72. Rc6 Ka2 73. Rb6 b1Q 74. Rxb1 Kxb1 75. Kb6 Rf6+ 76. Kb7 Kb2 77. a6 Rf7+ 78. Kb8 Kb3 79. a7 Rxa7 80. Kxa7 1/2-1/2